| 000 | 00633cab a22001935a 4500 | ||
|---|---|---|---|
| 001 | L158929 | ||
| 008 | 151009e20150926xxk 000 0 eng d | ||
| 035 | _a(Sirsi) u158929 | ||
| 041 | 0 | _aeng | |
| 100 | 1 | _aChases, Paul | |
| 245 | 0 | 0 | _aNew Form of Partnership |
| 260 | _c2015 | ||
| 490 |
_aEstates Gazette _v(1538) 26 September 2015, 96-98(3) |
||
| 520 | _aAssesses the proposals for reform of UK limited partnership law which is due to remove unnecessary legal complexity and administrative burdens on real estate investors. | ||
| 590 | _aKA | ||
| 651 | 4 | _aUnited Kingdom | |
| 690 |
_aProperty management _96262 |
||
| 942 | _n0 | ||
| 999 |
_c84734 _d84734 |
||